000 00740cam a2200277 4500
008 090401t1987 xxu||||| |||| 00| 0 eng d
020 _a0854063633
035 _a(Sirsi) u45522
041 _aeng
050 _a333.33
110 _aBoard of Inland Revenue
_bValuation Office
_91068
245 _aValuation Office property market report. - No. 48 (Autumn 1987)
260 _aLondon
_bSurveyors Publications
_c1987
300 _a94p. ; 30cm.
350 _a0
650 _aCITY OF LONDON
650 _aENTERPRISE ZONES
650 _aFARM LAND
650 _aINDUSTRIAL PROPERTY
650 _aINVESTMENT
650 _aOFFICES
650 _aRESIDENTIAL PROPERTY
_96266
650 _aSHOPS
942 _n0
948 _c04/03/1997
999 _c91749
_d91749